| 000 | 00340nam a22001337a 4500 | ||
|---|---|---|---|
| 008 | 180920b xxu||||| |||| 00| 0 eng d | ||
| 020 | _a9780763744618 | ||
| 041 | _aeng | ||
| 080 |
_24th _a610 |
||
| 100 | _a3 | ||
| 101 | _aSHM | ||
| 245 |
_aMedical and Psychosocial aspects of chronic illness and disability _cFalvo,D.R |
||
| 942 |
_2udc _cBK |
||
| 999 |
_c48113 _d48113 |
||